01210 2200409 4500001002100000005001500021035002500036008004100061100003600102245008700138250001800225260004400243300005700287440002700344500005300371500001100424650003200435700003500467850001300502020001800515040001700533082001900550084002100569504003400590990001000624990001700634990001700651990001700668990001000685990001700695990001700712990001000729990001700739990001700756990001000773990001700783YOGYA-0209000000252120240723085626 a0010-020900000002521090227s1999 jkia g 001 0 ind d1 aHayden, Catherine L.ePengarang10aLeksikon manajemen strategi /cCatherine L. Hayden; penerjemah, Susanto Budidharmo aCetakan kedua31aJakarta :bElex Media Komputindo,c1999 axxiv, 366 halaman :bgambar, tabel, diagram ;c23 cm aSeri pedoman manajemen aJudul asli : The handbook of strategic expertise aIndeks 4aManajemen Strategi--vKamus0 aSusanto BudidharmoePenyunting aBPAD DIY a0-02-914220-2 aYOPDYOGbind04223a658.401203 a658.401203 HAY l aBibliografi : halaman 342-357 a142-P a2911-PD/B.04 a2912-PD/B.04 a2911-PD/B.04 a142-P a2912-PD/B.04 a2911-PD/B.04 a142-P a2912-PD/B.04 a2911-PD/B.04 a142-P a2912-PD/B.04